Introduction to ecotoxicology
Provides an invaluable overview of the subject for students taking courses in ecotoxicology and environmental pollution, as well as wider degree programmes in biology, ecology, wildlife management, environmental science, sanitation engineering and related subjects. Softcover. DLC: Pollution--Environ...
Đã lưu trong:
| 格式: | 圖書 |
|---|---|
| 語言: | Undetermined |
| 出版: |
Osney Mead, Oxford
Blackwell Science
1999
|
| 主題: | |
| 標簽: |
添加標簽
沒有標簽, 成為第一個標記此記錄!
|
| Thư viện lưu trữ: | Trung tâm Học liệu Trường Đại học Cần Thơ |
|---|
| LEADER | 00954nam a2200217Ia 4500 | ||
|---|---|---|---|
| 001 | CTU_141603 | ||
| 008 | 210402s9999 xx 000 0 und d | ||
| 082 | |a 577.27 | ||
| 082 | |b I.61 | ||
| 245 | 0 | |a Introduction to ecotoxicology | |
| 245 | 0 | |c by Des Connell ... [et al.]. | |
| 260 | |a Osney Mead, Oxford | ||
| 260 | |b Blackwell Science | ||
| 260 | |c 1999 | ||
| 520 | |a Provides an invaluable overview of the subject for students taking courses in ecotoxicology and environmental pollution, as well as wider degree programmes in biology, ecology, wildlife management, environmental science, sanitation engineering and related subjects. Softcover. DLC: Pollution--Environmental aspects | ||
| 526 | |a Độc chất học thủy vực,Độc chất học sinh thái | ||
| 526 | |b TS607,TN713 | ||
| 650 | |a Pollution | ||
| 650 | |x Environmental aspects | ||
| 904 | |i Bạch Trúc | ||
| 980 | |a Trung tâm Học liệu Trường Đại học Cần Thơ | ||